00818nab a2200217uuc4500001000800000005001700008008004100025035001200066035002100078040001300099041000800112100004600120245012500166650003200291650003100323650002200354700004700376773014800423942001000571999001900581106919120240202084038.0080222e20071001 spa  a1069191 a(OCoLC)820390493 ccomduadb aspa10aMartinez M., Juan David4auteaut959215510aConsumo cronico de medicamentos inhibodores de la bomba de protones (IBP) y el desarrollo de gastritis atrofica corporal aGastritis atrófica972303 aHelicobacter pylori951365 aOmepruzol916211310aHenao Riveros, Sandra C.4auteaut94529350 tRevista Colombiana de Gastroenterología (Bogotá)gVolumen 22, Número 04, Octubre-Diciembre de 2007, p. 302-307w432618x0120-99570120143 cARIMP c449356d449356